000 00485nmm a2200181Ia 4500
008 251105s9999||||xx |||||||||||||||||und||
041 _aspa
100 _aFinder, Joseph
245 0 _aLa compañía
264 _a[Madrid, España] :
_bRoca Editorial,
_c2012
300 _a558 páginas
490 _aThriller
650 _aThriller & Suspense
700 _aFinder, Joseph
700 1 _a Batlles, Camila
856 _uhttps://public.digitaliapublishing.com/a/34433
942 _cCF
999 _c65474
_d65474